[Event "Rostock op"]
[Site "Rostock"]
[Date "2008.08.30"]
[Round "6"]
[White "Sura, Christian"]
[Black "Hartmann, Andreas"]
[Result "1-0"]
[WhiteElo "1405"]
[BlackElo "1165"]
[PlyCount "53"]
[EventDate "2008.08.28"]
[EventType "swiss"]
[EventRounds "7"]
[EventCountry "GER"]
[SourceTitle "CBM 126 Extra"]
[Source "ChessBase"]
[SourceDate "2008.11.05"]
[SourceVersion "1"]
[SourceVersionDate "2008.11.05"]
[SourceQuality "1"]

1. d4 Nf6 2. c4 g6 3. Nf3 Bg7 4. Nc3 d6 5. h3 0-0 6. e4 Nbd7 7. Bd3 e5 8. d5 c6 9. 0-0 Nc5 10. Bg5 Nxd3 11. Qxd3 cxd5 12. Nxd5 Be6 13. Nc3 a6 14. Rfd1 Qc7 15. Qxd6 Qxc4 16. Nxe5 Nxe4 17. Qxf8+ Rxf8 18. Nxc4 Bxc4 19. Nxe4 Bxb2 20. Rab1 Be5 21. Rxb7 Rc8 22. Rd8+ Rxd8 23. Bxd8 Bd5 24. Re7 Bg7 25. Re8+ Bf8 26. Nf6+ Kg7 27. Nxd5 1-0

[Event "Mecklenburg VP-ch"]
[Site "Nakenstorf"]
[Date "2008.03.20"]
[Round "1"]
[White "Schreiber, Thomas"]
[Black "Hartmann, Andreas"]
[Result "1-0"]
[WhiteElo "1907"]
[BlackElo "1190"]
[PlyCount "88"]
[EventDate "2008.03.20"]
[EventType "swiss"]
[EventRounds "9"]
[EventCountry "GER"]
[SourceTitle "EXT 2010"]
[Source "ChessBase"]
[SourceDate "2010.11.25"]
[SourceVersion "1"]
[SourceVersionDate "2010.11.25"]
[SourceQuality "1"]

1. d4 Nf6 2. Bf4 d6 3. e3 g6 4. c3 Bg7 5. Nf3 0-0 6. Nbd2 Nc6 7. Be2 e6 8. h3 Nh5 9. Bh2 a6 10. 0-0 b5 11. b4 Rb8 12. a4 Ne7 13. axb5 axb5 14. Ne1 Nf6 15. Nd3 Bb7 16. Qc2 Qd7 17. Nc1 Qc6 18. Bf3 Ned5 19. Na2 Ra8 20. Nb3 Qb6 21. Na5 Rfd8 22. Nc1 c6 23. Nd3 Ne7 24. e4 d5 25. Nc5 Bc8 26. Ra3 Nd7 27. Nxd7 Bxd7 28. Rfa1 f5 29. Bd6 Nc8 30. Bc5 Qc7 31. e5 Bf8 32. Nb3 Rxa3 33. Rxa3 Bxc5 34. bxc5 Ne7 35. Qa2 Kf7 36. Nc1 Qb7 37. Nd3 Rb8 38. Ra7 Qc8 39. Nb4 Rb7 40. Qa6 Rxa7 41. Qxa7 Qd8 42. h4 h5 43. g3 Ng8 44. Nxc6 Qe7 1-0